Renovación de la enseñanza de la Geografía en los orígenes de la España contemporánea
Збережено в:
| Автор: | |
|---|---|
| Формат: | Книга |
| Мова: | Іспанська |
| Опубліковано: |
Madrid
Universidad Auutónoma de Madrid
1995
|
| Серія: | Cuadernos del ICE, 14
|
| Предмети: | |
| Теги: |
Додати тег
Немає тегів, Будьте першим, хто поставить тег для цього запису!
|
MARC
| LEADER | 00000nam a2200000 a 4500 | ||
|---|---|---|---|
| 001 | UCN2598 | ||
| 003 | CL-VaPUC | ||
| 008 | 010530e19950000SP |||||||||||||||||spa|d | ||
| 082 | 0 | 4 | |a 372.891 |b MEL |2 21 |
| 100 | |a Melcón Beltrán, Julia |e autora |9 458611 | ||
| 245 | 1 | 0 | |a Renovación de la enseñanza de la Geografía en los orígenes de la España contemporánea |
| 300 | |a 216 p | ||
| 942 | |c BK | ||
| 945 | |d 20010530 00:00:00 |a cmena | ||
| 260 | |a Madrid |b Universidad Auutónoma de Madrid |c 1995 | ||
| 650 | 0 | |a Enseñanza de la geografía |9 310005 | |
| 650 | 0 | |a Métodos de enseñanza |9 270413 | |
| 650 | 7 | |a GEOGRAFIA ESPAÑOLA |2 CL-VaPUC |9 458612 | |
| 583 | |a last modification |c 20010530 00:00:00 |k Rodrigo Vera | ||
| 490 | 0 | |a Cuadernos del ICE, 14 | |
| 999 | |c 295652 |d 295650 | ||
| 952 | |0 0 |1 0 |4 0 |6 372_891000000000000_MEL_1995 |7 0 |8 A |9 348949 |a BIBHIS |b BIBHIS |d 2019-11-20 |i 3681459 |o 372.891 MEL 1995 |p 3681459 |r 2025-01-20 |w 2019-11-20 |y BK |k HIS | ||